[Event "46th Rilton Cup 2016-17"]
[Site "Stockholm SWE"]
[Date "2017.01.04"]
[Round "8.14"]
[White "Von Bahr, Oskar"]
[Black "Kravtsiv, Martyn"]
[Result "0-1"]
[WhiteTitle "FM"]
[BlackTitle "GM"]
[WhiteElo "2357"]
[BlackElo "2645"]
[WhiteFideId "1703250"]
[BlackFideId "14113147"]
[EventDate "2016.12.27"]

1. e4 e5 2. Nf3 Nc6 3. Bb5 a6 4. Ba4 Nf6 5. O-O Be7 6. Re1 b5 7. Bb3 d6 8. c3
O-O 9. h3 Bb7 10. d4 Nd7 11. Nbd2 exd4 12. cxd4 Bf6 13. Nf1 Na5 14. Bc2 Re8 15.
Ne3 Bxe4 16. Bd2 Bxc2 17. Qxc2 c5 18. Nd5 Rxe1+ 19. Rxe1 Nc4 20. Bc3 Rc8 21.
dxc5 Rxc5 22. Bxf6 Nxf6 23. Nxf6+ gxf6 24. Qe2 f5 25. Rd1 Qf6 26. Qe8+ Kg7 27.
b3 Nb6 28. Qb8 Nd5 29. Re1 Nf4 30. Re8 Ng6 31. Rg8+ Kh6 32. g3 Rc2 33. Qa7 Rxa2
34. Qe3+ f4 35. gxf4 Ra1+ 36. Kg2 Qf5 37. Kg3 Rh1 38. Ng5 Nxf4 39. Qxf4 Rg1+ 40.
Kf3 Qd3+ 41. Qe3 Qxe3+ 42. fxe3 Rxg5 43. Ra8 Rh5 44. Rxa6 Rxh3+ 45. Kf4 Rh4+ 46.
Kf5 Rh5+ 47. Kf6 Re5 48. Ra1 Re6+ 49. Kxf7 Rxe3 50. Rh1+ Kg5 51. Rxh7 d5 52. Rh8
d4 53. Rd8 d3 54. Rd5+ Kf4 55. Rxb5 Re5 0-1

[Event "46th Rilton Cup 2016-17"]
[Site "Stockholm SWE"]
[Date "2017.01.04"]
[Round "8.15"]
[White "Mihajlov, Sebastian"]
[Black "Zumsande, Martin"]
[Result "1/2-1/2"]
[WhiteTitle "FM"]
[BlackTitle "IM"]
[WhiteElo "2384"]
[BlackElo "2485"]
[WhiteFideId "1512110"]
[BlackFideId "4651324"]
[EventDate "2016.12.27"]

1. d4 d5 2. c4 c6 3. Nf3 Nf6 4. Nc3 a6 5. cxd5 cxd5 6. Bf4 Nc6 7. Rc1 Bf5 8. e3
e6 9. Be2 Bd6 10. Bxd6 Qxd6 11. O-O O-O 12. a3 Rac8 13. Na4 Nd7 14. Qd2 Rc7 15.
Nc5 Nxc5 16. Rxc5 Rfc8 17. Rfc1 Be4 18. Ng5 Bg6 19. Bd3 b6 20. R5c3 Nb8 21. Bxg6
hxg6 22. h4 Rxc3 23. Rxc3 Rxc3 24. Qxc3 Qc6 25. Qb4 f6 26. Nh3 Kf7 27. Nf4 Nd7
28. Qd2 Nf8 29. b3 a5 30. g3 Qc7 31. Kg2 Qc6 32. Qd3 Qd6 33. a4 Qc6 34. g4 Qc8
35. Qd1 Qc3 36. g5 Qc6 37. Qf3 Qc2 38. h5 Qf5 39. gxf6 gxf6 40. hxg6+ Nxg6 41.
Qh5 Qxh5 1/2-1/2

[Event "46th Rilton Cup 2016-17"]
[Site "Stockholm SWE"]
[Date "2017.01.04"]
[Round "8.16"]
[White "Larson, Matthew W"]
[Black "Salomon, Johan"]
[Result "0-1"]
[WhiteTitle "FM"]
[BlackTitle "IM"]
[WhiteElo "2330"]
[BlackElo "2470"]
[WhiteFideId "2077990"]
[BlackFideId "1509500"]
[EventDate "2016.12.27"]

1. d4 Nf6 2. c4 e6 3. Nc3 Bb4 4. f3 c5 5. d5 O-O 6. e4 d6 7. Ne2 b5 8. Nf4 exd5
9. Nxd5 Nxd5 10. Qxd5 Qb6 11. cxb5 Bb7 12. Qc4 Nd7 13. Be3 Qc7 14. Kf2 Nb6 15.
Qb3 Rae8 16. Rc1 Qe7 17. a3 Ba5 18. Bc4 Qh4+ 19. g3 Qf6 20. Nd5 Bxd5 21. Bxd5
Nxd5 22. exd5 Re7 23. Rhd1 Rfe8 24. Rd3 c4 25. Rxc4 Bb6 26. Rcc3 Qh6 27. h4 f5
28. Bxb6 Re2+ 29. Kg1 axb6 30. Rc2 Re1+ 31. Kg2 f4 32. Qc4 Qg6 33. g4 Qh6 34. h5
Qg5 35. Kh3 Rh1+ 36. Kg2 Qh4 37. Qxf4 Qh3+ 0-1

[Event "46th Rilton Cup 2016-17"]
[Site "Stockholm SWE"]
[Date "2017.01.04"]
[Round "8.17"]
[White "Esserman, Marc"]
[Black "Ornstein, Axel"]
[Result "1/2-1/2"]
[WhiteTitle "IM"]
[BlackTitle "IM"]
[WhiteElo "2468"]
[BlackElo "2338"]
[WhiteFideId "2018616"]
[BlackFideId "1700111"]
[EventDate "2016.12.27"]

1. e4 e5 2. Nf3 Nc6 3. Bb5 a6 4. Ba4 Nf6 5. O-O Be7 6. Re1 b5 7. Bb3 O-O 8. c3
d6 9. h3 Nb8 10. d4 Nbd7 11. Nbd2 c5 12. d5 g6 13. a4 Rb8 14. Bc2 b4 15. a5 Ne8
16. Nc4 f5 17. Bh6 Ng7 18. exf5 gxf5 19. Nh2 Qe8 20. Nf1 Qg6 21. Bxg7 Qxg7 22.
Ng3 e4 23. cxb4 Rxb4 24. Ra4 Rxa4 25. Bxa4 Qd4 26. Bb3 Qxd1 27. Rxd1 Nf6 28. Ne2
Bd7 29. Nf4 Rb8 30. Bc2 Rb4 31. b3 Bb5 32. Ne3 Bd7 33. Ne6 Bxe6 34. dxe6 f4 35.
Nf5 Kf8 36. Nxd6 Bxd6 37. Rxd6 Rd4 38. Rc6 Ke7 39. Rxc5 Kxe6 40. Rc6+ Rd6 41.
Rxd6+ Kxd6 42. b4 Kd5 43. f3 Kc4 44. fxe4 Nd7 45. e5 Nxe5 46. Bxh7 Kxb4 47. h4
Kxa5 48. h5 Kb4 49. Bb1 Kc5 50. h6 Kd6 51. h7 Nf7 52. Kf2 Ke5 53. Kf3 a5 54. Kg4
Kf6 55. Kxf4 a4 56. g4 a3 57. g5+ Kg7 58. Kf5 Nxg5 59. Kxg5 a2 60. Bxa2 1/2-1/2

[Event "46th Rilton Cup 2016-17"]
[Site "Stockholm SWE"]
[Date "2017.01.04"]
[Round "8.18"]
[White "Haug, Johannes"]
[Black "Cramling, Pia"]
[Result "1/2-1/2"]
[WhiteTitle "FM"]
[BlackTitle "GM"]
[WhiteElo "2287"]
[BlackElo "2453"]
[WhiteFideId "1509268"]
[BlackFideId "1700030"]
[EventDate "2016.12.27"]

1. e4 c5 2. Nf3 d6 3. Bb5+ Nd7 4. c3 Nf6 5. Qe2 a6 6. Ba4 g6 7. d4 Qa5 8. Bc2
cxd4 9. b4 d3 10. Bxd3 Qc7 11. Bb2 Bg7 12. c4 O-O 13. O-O b6 14. Nc3 e6 15. Rfd1
Bb7 16. a4 Rfd8 17. a5 Rac8 18. Rdc1 Qb8 19. axb6 Nxb6 20. Na4 Nxa4 21. Rxa4 Qc7
22. Raa1 Nh5 23. Bxg7 Nxg7 24. Qe3 e5 25. c5 dxc5 26. bxc5 Ne6 27. c6 Bxc6 28.
Bxa6 Ra8 29. Qc3 Qb6 30. Bf1 Rxa1 31. Rxa1 Bxe4 32. Nxe5 Nd4 33. Qe3 Bf5 34. Rd1
Qc5 35. Nf3 Nxf3+ 36. Qxf3 Rxd1 37. Qxd1 Be6 1/2-1/2

[Event "46th Rilton Cup 2016-17"]
[Site "Stockholm SWE"]
[Date "2017.01.04"]
[Round "8.19"]
[White "Sankalp, Gupta"]
[Black "Sarkar, Justin"]
[Result "1-0"]
[BlackTitle "IM"]
[WhiteElo "2093"]
[BlackElo "2415"]
[WhiteFideId "5097010"]
[BlackFideId "2010011"]
[EventDate "2016.12.27"]

1. e4 e5 2. Nf3 Nc6 3. d4 exd4 4. Nxd4 Bb4+ 5. c3 Bc5 6. Be3 Bb6 7. Nf5 g6 8.
Bxb6 axb6 9. Ne3 Nf6 10. f3 Qe7 11. c4 Qb4+ 12. Qd2 Qxd2+ 13. Kxd2 d6 14. Nc3
Kd8 15. Be2 h5 16. Rhd1 Be6 17. Ned5 Nd7 18. Ke1 Nce5 19. Nb5 Bxd5 20. cxd5 Nc5
21. b4 Na4 22. Rac1 c5 23. dxc6 bxc6 24. Nxd6 Ke7 25. f4 Ng4 26. Rxc6 1-0

[Event "46th Rilton Cup 2016-17"]
[Site "Stockholm SWE"]
[Date "2017.01.04"]
[Round "8.20"]
[White "Cruz Lledo, Pablo"]
[Black "Nielsen, Rogvi Egilstoft"]
[Result "1-0"]
[WhiteTitle "FM"]
[BlackTitle "FM"]
[WhiteElo "2415"]
[BlackElo "2351"]
[WhiteFideId "2297361"]
[BlackFideId "7200447"]
[EventDate "2016.12.27"]

1. d4 e6 2. c4 f5 3. Nc3 Nf6 4. e3 b6 5. Bd3 Bb7 6. Nf3 Bb4 7. Bd2 O-O 8. O-O
Bxc3 9. Bxc3 Ne4 10. Rc1 d6 11. Qe2 Nd7 12. Rfd1 a5 13. b3 Rf6 14. Ba1 Rg6 15.
d5 Ndc5 16. Ne1 Qh4 17. f3 Ng5 18. Rc2 Re8 19. g3 Nxd3 20. Nxd3 exd5 21. gxh4
Nxf3+ 22. Kf2 d4 23. Nf4 dxe3+ 24. Qxe3 Rxe3 25. Kxe3 Rg4 26. Rg2 1-0

[Event "46th Rilton Cup 2016-17"]
[Site "Stockholm SWE"]
[Date "2017.01.04"]
[Round "8.21"]
[White "Houska, Jovanka"]
[Black "Tuomainen, Felix"]
[Result "1-0"]
[WhiteTitle "IM"]
[WhiteElo "2397"]
[BlackElo "2228"]
[WhiteFideId "405094"]
[BlackFideId "1720813"]
[EventDate "2016.12.27"]

1. d4 d5 2. c4 c6 3. Nf3 Nf6 4. e3 e6 5. Nbd2 c5 6. cxd5 Nxd5 7. Bb5+ Bd7 8. Be2
cxd4 9. Nxd4 Nc6 10. N4f3 Be7 11. O-O O-O 12. g3 e5 13. Nc4 Bh3 14. Re1 Bf6 15.
e4 Nb6 16. Be3 Nxc4 17. Bxc4 Qxd1 18. Rexd1 Bg4 19. Kg2 Nd4 20. Bxd4 exd4 21. h3
Bxf3+ 22. Kxf3 Rac8 23. Rac1 h5 24. h4 Rc7 25. Bb3 Rfc8 26. Rxc7 Rxc7 27. Rd2 g5
28. hxg5 Bxg5 29. Rxd4 Bc1 30. Rd5 Bxb2 31. Rxh5 b6 32. Kg4 Rc5 33. Bd5 a5 34.
f4 a4 35. Rh6 b5 36. Rb6 Rc7 37. Rxb5 a3 38. Kf5 Kg7 39. g4 Bd4 40. g5 Be3 41.
Rb8 Ra7 42. Kg4 Kh7 43. f5 Rd7 44. Rb3 Bc5 45. Bxf7 1-0

[Event "46th Rilton Cup 2016-17"]
[Site "Stockholm SWE"]
[Date "2017.01.04"]
[Round "8.22"]
[White "Matta, Vinay Kumar"]
[Black "Grafl, Florian"]
[Result "0-1"]
[WhiteTitle "FM"]
[BlackTitle "IM"]
[WhiteElo "2227"]
[BlackElo "2394"]
[WhiteFideId "5016649"]
[BlackFideId "4645715"]
[EventDate "2016.12.27"]

1. e4 Nf6 2. e5 Nd5 3. d4 d6 4. c4 Nb6 5. exd6 exd6 6. Nc3 Nc6 7. Be3 Be7 8. Bd3
O-O 9. Nge2 Nb4 10. O-O Nxd3 11. Qxd3 d5 12. c5 Nc4 13. Nxd5 Qxd5 14. Nf4 Nxe3
15. Nxd5 Nxd5 16. Rfe1 c6 17. Qb3 Bf6 18. Rad1 Rb8 19. Qa4 a6 20. h3 Be6 21. Kh2
Rfd8 22. g3 Rd7 23. Rd2 Rbd8 24. Red1 g6 25. Kg2 h5 26. a3 Ne7 27. Qb4 Kg7 28.
Rd3 Nf5 29. g4 Nh4+ 30. Kg3 hxg4 31. hxg4 g5 32. f3 Ng6 33. R3d2 Nf4 34. Rh2 Be5
35. dxe5 Rxd1 36. Qe4 Rh8 0-1

[Event "46th Rilton Cup 2016-17"]
[Site "Stockholm SWE"]
[Date "2017.01.04"]
[Round "8.23"]
[White "Sevian, Samuel"]
[Black "Chizhikov, Vladislav"]
[Result "1-0"]
[WhiteTitle "GM"]
[WhiteElo "2603"]
[BlackElo "2262"]
[WhiteFideId "2040506"]
[BlackFideId "4178157"]
[EventDate "2016.12.27"]

1. e4 c5 2. Nf3 g6 3. d4 cxd4 4. Nxd4 Bg7 5. c4 Nc6 6. Be3 d6 7. Nc3 Qb6 8. Ndb5
Bxc3+ 9. Nxc3 Qxb2 10. Nb5 Kf8 11. Be2 Nf6 12. O-O Kg7 13. Rb1 Qe5 14. f3 h5 15.
Qd2 Rb8 16. Nc7 Ne8 17. f4 Qf6 18. Nd5 Qe6 19. f5 Qd7 20. Bxa7 e6 21. Qc3+ Kg8
22. fxg6 fxg6 23. Rf8+ 1-0

[Event "46th Rilton Cup 2016-17"]
[Site "Stockholm SWE"]
[Date "2017.01.04"]
[Round "8.24"]
[White "Westerberg, Jonathan"]
[Black "Risting, Eivind Olav"]
[Result "1-0"]
[WhiteTitle "IM"]
[BlackTitle "FM"]
[WhiteElo "2483"]
[BlackElo "2222"]
[WhiteFideId "1701754"]
[BlackFideId "1517333"]
[EventDate "2016.12.27"]

1. Nf3 Nf6 2. d4 c5 3. e3 g6 4. dxc5 Qa5+ 5. Nbd2 Bg7 6. a3 Qxc5 7. b4 Qc7 8.
Bb2 O-O 9. c4 b6 10. Be2 Bb7 11. O-O d6 12. Rc1 Nbd7 13. Nd4 a6 14. Bf3 Ne5 15.
Bxb7 Qxb7 16. Qe2 Rac8 17. e4 Nfd7 18. f4 Nc6 19. Nxc6 Qxc6 20. Bxg7 Kxg7 21.
Nf3 b5 22. cxb5 Qb6+ 23. Kh1 axb5 24. e5 d5 25. Qd2 e6 26. f5 gxf5 27. Qg5+ Kh8
28. Qh6 Rxc1 29. Rxc1 f6 30. exf6 1-0

[Event "46th Rilton Cup 2016-17"]
[Site "Stockholm SWE"]
[Date "2017.01.04"]
[Round "8.25"]
[White "Bellia, Fabrizio"]
[Black "Ziegler, Ari"]
[Result "1-0"]
[WhiteTitle "IM"]
[BlackTitle "IM"]
[WhiteElo "2433"]
[BlackElo "2299"]
[WhiteFideId "800511"]
[BlackFideId "1700987"]
[EventDate "2016.12.27"]

1. d4 Nf6 2. Nf3 g6 3. Nbd2 Bg7 4. e4 d6 5. Bd3 O-O 6. O-O Nbd7 7. Re1 e5 8. c3
c6 9. a4 Qc7 10. a5 Re8 11. Bc2 exd4 12. cxd4 c5 13. d5 b5 14. axb6 Nxb6 15. h3
a5 16. Nb1 Nfd7 17. Nc3 Ne5 18. Nh2 c4 19. Be3 f5 20. exf5 Bxf5 21. Bxf5 gxf5
22. Qh5 Nbd7 23. Qxf5 Rab8 24. Bd4 Re7 25. Qg5 Rf7 26. Ne4 h6 27. Qh5 Rbf8 28.
Ng4 Nxg4 29. Qxg4 Kh7 30. Bxg7 Rxg7 31. Qe6 Rg6 32. Qe7+ Kg8 33. Ra3 Rf7 34.
Qe8+ Kg7 35. Rg3 Rxg3 36. Nxg3 Ne5 37. Qe6 Nd3 38. Nh5+ Kh7 39. Qe4+ Kh8 40.
Qe8+ Kh7 41. Re6 Nc5 42. Nf6+ Kg6 43. Qg8+ Rg7 44. Ne8+ 1-0

[Event "46th Rilton Cup 2016-17"]
[Site "Stockholm SWE"]
[Date "2017.01.04"]
[Round "8.26"]
[White "Kolbus, Dietmar"]
[Black "Henderson de La Fuente, Lance"]
[Result "1/2-1/2"]
[WhiteTitle "IM"]
[WhiteElo "2299"]
[BlackElo "2378"]
[WhiteFideId "4610628"]
[BlackFideId "32096585"]
[EventDate "2016.12.27"]

1. c4 Nf6 2. Nc3 e5 3. Nf3 Nc6 4. e3 g6 5. d4 exd4 6. Nxd4 Bg7 7. b3 O-O 8. Bb2
Re8 9. Nxc6 bxc6 10. Rc1 Ne4 11. Bd3 Nxc3 12. Bxc3 Bxc3+ 13. Rxc3 Qf6 14. Rc1 c5
15. O-O d6 16. Qd2 Bb7 17. Rfe1 a5 18. a4 Bc6 19. f4 Rab8 20. Bc2 Rb4 21. Bd1
Be4 22. Rf1 Reb8 23. Qc3 Qxc3 24. Rxc3 Re8 25. Rf2 Re7 26. Rd2 f5 27. Kf2 Kf7
28. Be2 Kf6 29. Bd1 Rb8 30. Bf3 h6 31. h4 Rg7 32. Rd1 g5 33. hxg5+ hxg5 34. Rh1
Bxf3 35. fxg5+ Rxg5 36. gxf3 Rbg8 37. Ke2 Rg2+ 38. Kd3 Rf2 39. Rh6+ Ke7 40. Rh7+
Kd8 41. Rh3 Rgg2 42. Rc1 Kd7 1/2-1/2

[Event "46th Rilton Cup 2016-17"]
[Site "Stockholm SWE"]
[Date "2017.01.04"]
[Round "8.27"]
[White "Nesterov, Arseniy"]
[Black "Balcerak, Philipp"]
[Result "1/2-1/2"]
[WhiteElo "2296"]
[BlackElo "2372"]
[WhiteFideId "24198455"]
[BlackFideId "4655036"]
[EventDate "2016.12.27"]

1. d4 d5 2. c4 c6 3. e3 Nf6 4. Nc3 a6 5. Nf3 Bf5 6. Bd3 Bxd3 7. Qxd3 e6 8. O-O
Nbd7 9. e4 dxe4 10. Nxe4 Nxe4 11. Qxe4 Be7 12. Bf4 O-O 13. Rad1 Qa5 14. a3 Qa4
15. Qe2 Rfe8 16. Rd2 Rad8 17. Bc7 Rc8 18. Bg3 Bf6 19. Ne5 Red8 20. Rfd1 b5 21.
Ng4 Qxc4 22. Qxc4 bxc4 23. Rc2 c5 24. Nxf6+ Nxf6 25. Rxc4 cxd4 26. Rdxd4 Nd5 27.
h3 f6 28. b4 Kf7 29. a4 Rxc4 30. Rxc4 e5 31. b5 axb5 32. axb5 Rb8 33. Rc5 Ke6
34. f3 Kd6 35. Bf2 Nc7 36. b6 Rxb6 37. Rxe5 Rb1+ 1/2-1/2

[Event "46th Rilton Cup 2016-17"]
[Site "Stockholm SWE"]
[Date "2017.01.04"]
[Round "8.28"]
[White "Morrison, Graham SCO"]
[Black "Gulamali, Kazim"]
[Result "1/2-1/2"]
[WhiteTitle "FM"]
[BlackTitle "FM"]
[WhiteElo "2283"]
[BlackElo "2341"]
[WhiteFideId "2400090"]
[BlackFideId "2024764"]
[EventDate "2016.12.27"]

1. d4 c5 2. d5 d6 3. e4 g6 4. Nf3 Bg7 5. Bb5+ Bd7 6. a4 Nf6 7. Nc3 O-O 8. O-O
Bg4 9. h3 Bxf3 10. Qxf3 Na6 11. Re1 Nc7 12. Bf1 Nd7 13. Qd1 b6 14. f4 a6 15. Ra3
Rb8 16. Rb3 Rb7 17. Nb1 b5 18. c4 Qb8 19. axb5 axb5 20. Na3 b4 21. Nb1 Qa7 22.
Nd2 Qa2 23. Nf3 e6 24. Kh1 Re8 25. dxe6 Nxe6 26. Rd3 Nd4 27. Nxd4 cxd4 28. Rxd4
Bxd4 29. Qxd4 Nc5 30. f5 Nb3 31. Qd5 Rbe7 32. Bg5 Re5 33. Qxd6 Qxb2 34. Qf6 Qd4
35. Rd1 Rxf5 36. Qxd4 Rxf1+ 37. Rxf1 Nxd4 38. Bf6 Ne6 39. Rb1 Rb8 40. Be5 Rb6
41. Kg1 1/2-1/2

[Event "46th Rilton Cup 2016-17"]
[Site "Stockholm SWE"]
[Date "2017.01.04"]
[Round "8.29"]
[White "Nihal, Sarin"]
[Black "Prince, Bajaj"]
[Result "1/2-1/2"]
[WhiteTitle "FM"]
[BlackTitle "CM"]
[WhiteElo "2340"]
[BlackElo "2305"]
[WhiteFideId "25092340"]
[BlackFideId "5045150"]
[EventDate "2016.12.27"]

1. d4 Nf6 2. c4 e6 3. Nc3 Bb4 4. Qc2 O-O 5. Nf3 c5 6. dxc5 Na6 7. g3 Nxc5 8. Bg2
Nce4 9. O-O Nxc3 10. bxc3 Be7 11. e4 d6 12. e5 dxe5 13. Nxe5 Qc7 14. Qe2 Bd6 15.
Re1 Rb8 16. Bf4 Nd7 17. Rab1 Nxe5 18. Bxe5 b6 19. Rbd1 Bxe5 20. Qxe5 Qxe5 21.
Rxe5 Ba6 22. c5 Rfd8 23. Rde1 Rbc8 1/2-1/2

[Event "46th Rilton Cup 2016-17"]
[Site "Stockholm SWE"]
[Date "2017.01.04"]
[Round "8.30"]
[White "Bellon Lopez, Juan Manuel"]
[Black "Dahl, Trygve"]
[Result "1-0"]
[WhiteTitle "GM"]
[WhiteElo "2336"]
[BlackElo "2140"]
[WhiteFideId "2200031"]
[BlackFideId "1513427"]
[EventDate "2016.12.27"]

1. Nf3 f5 2. d3 Nc6 3. c4 e5 4. Nc3 Nf6 5. g3 Be7 6. Bg2 O-O 7. O-O Qe8 8. Nd5
Bd8 9. Bg5 Nxd5 10. cxd5 Nd4 11. Nxd4 Bxg5 12. Nb5 Qd8 13. f4 Bf6 14. fxe5 Bxe5
15. d4 Bf6 16. d6 cxd6 17. Bd5+ Kh8 18. Nxd6 Qa5 19. Nf7+ Kg8 20. Rxf5 g6 21. e4
Qb6 22. Rxf6 Qxf6 23. e5 Qe7 24. Qd2 Rb8 25. Qh6 b5 26. Rf1 Bb7 27. Rf6 Bxd5 28.
Rxg6+ Kxf7 29. Rg7+ Ke8 30. Rxe7+ Kxe7 31. Qd6+ Kf7 32. Qxd7+ Kg6 33. Qxd5 1-0

[Event "46th Rilton Cup 2016-17"]
[Site "Stockholm SWE"]
[Date "2017.01.04"]
[Round "8.31"]
[White "Nielsen, Hogni Egilstoft"]
[Black "Luukkonen, Tommi"]
[Result "1-0"]
[WhiteTitle "FM"]
[BlackTitle "FM"]
[WhiteElo "2262"]
[BlackElo "2333"]
[WhiteFideId "7200404"]
[BlackFideId "501808"]
[EventDate "2016.12.27"]

1. e4 c6 2. Nc3 d5 3. Nf3 Nf6 4. e5 Ne4 5. d3 Nxc3 6. bxc3 Bg4 7. h3 Bh5 8. Be2
e6 9. O-O Be7 10. a4 O-O 11. Nh2 Bxe2 12. Qxe2 c5 13. f4 Nc6 14. Bd2 Qd7 15.
Rae1 Bd8 16. g4 Ba5 17. Qg2 f6 18. exf6 Rxf6 19. g5 Rf5 20. Ng4 d4 21. c4 Bc7
22. Re4 Ne7 23. h4 Raf8 24. h5 Kh8 25. Qe2 Qxa4 26. Rxe6 Ng8 27. Bc1 Qd7 28. Re4
h6 29. Rf2 Bd6 30. Re6 hxg5 31. fxg5 Rxf2 32. Nxf2 Bg3 33. Ng4 Qf7 34. Kg2 Bb8
35. Ne5 Bxe5 36. Rxe5 Qd7 37. Qe4 Qa4 38. Qe2 a5 39. Re6 Qd7 40. h6 gxh6 41. Bf4
Rxf4 42. Qe5+ Qg7 43. Qxf4 a4 44. Qe5 hxg5 45. Qh2+ Qh7 46. Rb6 Qxh2+ 47. Kxh2
Ne7 48. Rxb7 Nc6 49. Rc7 Nb4 50. Rxc5 Nxc2 51. Ra5 Kg7 52. c5 Kf6 53. c6 1-0

[Event "46th Rilton Cup 2016-17"]
[Site "Stockholm SWE"]
[Date "2017.01.04"]
[Round "8.32"]
[White "Babikov, Ivan"]
[Black "Louis, Thibault"]
[Result "1-0"]
[WhiteTitle "FM"]
[WhiteElo "2259"]
[BlackElo "2316"]
[WhiteFideId "4161106"]
[BlackFideId "681369"]
[EventDate "2016.12.27"]

1. e4 c5 2. Nf3 Nc6 3. d4 cxd4 4. Nxd4 g6 5. Be3 Bg7 6. Nc3 Nf6 7. Bc4 Qa5 8.
O-O O-O 9. Nb3 Qc7 10. Be2 d6 11. f4 Rd8 12. Kh1 e5 13. f5 d5 14. fxg6 hxg6 15.
Rxf6 Bxf6 16. Nxd5 Rxd5 17. exd5 Nd4 18. Nxd4 exd4 19. Bxd4 Bxd4 20. Qxd4 Qxc2
21. Bd1 Qf5 22. Bf3 Bd7 23. d6 Bc6 24. Bxc6 bxc6 25. d7 Rd8 26. Rd1 c5 27. Qd6
Kg7 28. h3 c4 29. Qd4+ Qf6 30. Kg1 g5 31. Qxa7 Qxb2 32. Qc5 Qf6 33. Qxc4 Kg6 34.
Qd3+ 1-0

[Event "46th Rilton Cup 2016-17"]
[Site "Stockholm SWE"]
[Date "2017.01.04"]
[Round "8.33"]
[White "Johansson, Gunnar"]
[Black "Bracker, Frank"]
[Result "1/2-1/2"]
[BlackTitle "IM"]
[WhiteElo "2210"]
[BlackElo "2435"]
[WhiteFideId "1703501"]
[BlackFideId "24614343"]
[EventDate "2016.12.27"]

1. d4 Nf6 2. c4 e6 3. Nf3 d5 4. Nc3 Be7 5. Bf4 O-O 6. e3 b6 7. Bd3 c5 8. O-O
cxd4 9. Nxd4 Bb7 10. Qe2 Nbd7 11. cxd5 Nxd5 12. Nxd5 Bxd5 13. Bb5 Bc5 14. Rfd1
Nf6 15. Rac1 Qe7 16. Bg5 h6 17. Bh4 Rac8 18. Ba6 Rcd8 19. a3 e5 20. Nf3 Bb3 21.
Rd3 Bd5 22. Rd2 g5 23. Bg3 Ne4 24. Rdd1 Nxg3 25. hxg3 Bb3 26. Rd3 Bd5 27. Rcd1
Bxf3 28. gxf3 Kg7 29. Qd2 Rxd3 30. Qxd3 Qf6 31. Qe4 Rd8 32. Rxd8 Qxd8 33. Qxe5+
Qf6 34. Qxf6+ Kxf6 35. g4 Bd6 36. Kf1 Be5 37. b3 Bb2 38. a4 Ke5 39. Ke2 Bc3 40.
Kd3 Be1 41. Ke2 1/2-1/2

[Event "46th Rilton Cup 2016-17"]
[Site "Stockholm SWE"]
[Date "2017.01.04"]
[Round "8.34"]
[White "Hejazipour, Mitra"]
[Black "Berglind, Axel"]
[Result "1-0"]
[WhiteTitle "WGM"]
[WhiteElo "2307"]
[BlackElo "2043"]
[WhiteFideId "12505951"]
[BlackFideId "1720228"]
[EventDate "2016.12.27"]

1. d4 d5 2. c4 c6 3. Nf3 Nf6 4. e3 e6 5. Bd3 Nbd7 6. O-O Bd6 7. Nc3 O-O 8. Qc2
Re8 9. e4 dxc4 10. Bxc4 e5 11. Be3 Qc7 12. h3 b5 13. Bd3 a6 14. dxe5 Nxe5 15.
Nxe5 Bxe5 16. a4 Bxc3 17. Qxc3 Rb8 18. axb5 axb5 19. Rfe1 Be6 20. Ra7 Qd8 21. b4
Bc4 22. Bxc4 bxc4 23. Qxc4 Re7 24. Rea1 Nxe4 25. Qxc6 Re6 26. Qc4 h6 27. Rxf7
Kxf7 28. Ra7+ Kf6 29. Bd4+ Kf5 30. Ra5+ Qxa5 31. bxa5 Ree8 32. Qf7+ Nf6 33. Qxg7
Nd5 34. Qg4# 1-0

[Event "46th Rilton Cup 2016-17"]
[Site "Stockholm SWE"]
[Date "2017.01.04"]
[Round "8.35"]
[White "Saravanan, V."]
[Black "Storme, Isak"]
[Result "1/2-1/2"]
[WhiteTitle "IM"]
[WhiteElo "2306"]
[BlackElo "2152"]
[WhiteFideId "5000580"]
[BlackFideId "1728113"]
[EventDate "2016.12.27"]

1. Nf3 c5 2. c4 Nc6 3. d4 cxd4 4. Nxd4 f5 5. g3 g6 6. Bg2 Bg7 7. Nc2 b6 8. O-O
Ba6 9. Nd2 Nh6 10. Rb1 Qc7 11. b3 O-O 12. e4 Bb7 13. Re1 Ne5 14. Qe2 Nhg4 15.
Rf1 f4 16. Nf3 fxg3 17. hxg3 Nxf3+ 18. Bxf3 Rxf3 19. Qxf3 Nf6 20. Re1 Nxe4 21.
Qf4 Be5 22. Qh4 Nxf2 23. Bf4 Qc6 24. Ne3 Bxf4 25. gxf4 Qf3 26. Rf1 Nh3+ 27. Kh2
Qxe3 28. Qxh3 Qd2+ 29. Kg1 Qd4+ 30. Kh2 Qd2+ 31. Kg1 Qd4+ 32. Kh2 Qd2+ 1/2-1/2

[Event "46th Rilton Cup 2016-17"]
[Site "Stockholm SWE"]
[Date "2017.01.04"]
[Round "8.36"]
[White "Kucuksari, Kaan"]
[Black "Betaneli, Alexander"]
[Result "1/2-1/2"]
[BlackTitle "FM"]
[WhiteElo "2243"]
[BlackElo "2252"]
[WhiteFideId "6380166"]
[BlackFideId "2012359"]
[EventDate "2016.12.27"]

1. d4 d5 2. Nf3 Nf6 3. c4 e6 4. g3 dxc4 5. Bg2 Bb4+ 6. Bd2 a5 7. O-O O-O 8. Qc2
Nc6 9. Qxc4 Qd5 10. Qd3 Qf5 11. Qxf5 exf5 12. a3 Bxd2 13. Nbxd2 Be6 14. e3 Bd5
15. Rac1 Rfd8 16. Rfd1 a4 17. Ne5 Bxg2 18. Kxg2 Nxe5 19. dxe5 Nd5 20. e4 fxe4
21. Nxe4 Kf8 22. Kf3 c6 23. Nd6 Rd7 24. Ke4 Rad8 25. Rd4 Nf6+ 26. Ke3 Ne8 27.
Nf5 g6 28. Rxd7 Rxd7 29. Nd4 Re7 30. f4 f6 31. Nf3 Nd6 32. Kd4 Nf5+ 33. Kc5 Rd7
34. exf6 Rd5+ 35. Kb6 Rb5+ 36. Kc7 Ne3 37. Re1 Nd5+ 38. Kd6 Nxf6 39. Re6 Ne8+
40. Kd7 Rd5+ 41. Kc8 Nd6+ 42. Kc7 Nf7 43. Re2 Rd3 44. Ne5 Nxe5 45. fxe5 Rb3 46.
Kd7 Rd3+ 47. Ke6 b5 48. Rf2+ Kg8 49. Rc2 Rb3 50. Kd6 b4 51. axb4 Rxb4 52. e6 Kf8
53. Rxc6 Rd4+ 54. Ke5 Rd2 55. Rc8+ Ke7 56. Rc7+ Ke8 57. Rxh7 Rxb2 58. Kf6 Rf2+
59. Kxg6 a3 60. h4 Rf3 61. g4 Rf4 62. g5 Ra4 63. Rd7 a2 64. Rd1 a1=Q 65. Rxa1
Rxa1 66. h5 Ke7 67. h6 Kxe6 68. h7 Ra8 69. Kh6 Kf5 70. g6 Kf6 71. g7 Ra1 72.
g8=N+ Kf7 73. h8=N+ Kxg8 74. Ng6 Rg1 75. Ne5 Kf8 76. Kh5 Ke7 77. Ng4 Ke6 78. Kg5
Rf1 79. Kg6 Rf8 80. Nh6 Ke5 81. Kg5 Ke4 82. Kg4 Rf1 83. Kg5 Rh1 84. Nf7 Kd5 85.
Kf6 Rf1+ 86. Kg6 Ke6 87. Ng5+ Ke7 88. Kh5 Kf6 89. Ne4+ Ke5 90. Ng3 Rf4 91. Kg5
Rf8 92. Kg4 Rf4+ 93. Kg5 Rf7 94. Kg4 Rf8 95. Nh5 Rh8 96. Ng3 Rb8 97. Nh5 Rb4+
98. Kg5 Ra4 99. Ng3 Rc4 100. Nh5 Rc8 101. Kg4 Rg8+ 102. Kf3 Rg6 103. Ng3 Rg5
104. Ne2 Rf5+ 105. Ke3 Rh5 106. Kf3 Rh2 107. Ng3 Ra2 108. Ne2 Ra3+ 109. Kg4 Rb3
110. Ng3 Re3 111. Nf5 Re4+ 112. Kg5 Rf4 113. Ng3 Rb4 114. Nf5 Rb8 115. Nh6 Ke4
116. Nf7 Rb5+ 117. Kf6 Kf4 118. Nd6 Re5 119. Nf7 Rd5 120. Ke6 1/2-1/2